1766 1676 1575 1443 1876 1976 1772 1736 1529 1426 1852 1733 1877 1503 1128 1447 1106 1936 1452 1192 1146 1098 1709 1796 1368 1454 1722 1479 1005 1000 1659 1029 1570 1447 1343 1349 1807 1407 1282 1753 1426 1870 1394 1746 1330 1534 1194 1755 1529 1786 1841 1362 1584 1162 1974 1516 1122 1547 1734 1917 1039 1052 1014 1998 1008 1415 1919 1496 1547 1368 1574 1920 1269 1213 1760 1066 1581 1033 1926 1139 1815 1784 1332 1236 1939 1400 1488 1208 1786 1761 1551 1345 1946 1728 1409 1807 1421 1957 1870 BCNSPRNW ULIB Ver.6.0+V

เปลี่ยนเป็นภาษาไทย

Change to English
 แสดงรายละเอียดบรรณานุกรม
  กลับหน้าหลัก

Brief Record : Get Marc (ISO 2709) : E-mail record : QR code < ปิดหน้าต่าง
LEADER : 00000nam 2200000uu 4500
001    13399111155
003     ULIB
008    110617s||||||||th 000 0 tha d
020    9789744098559
050  4 BF636^bท749ค 2550
100 0  เทียม โชควัฒนา
245 10 คำสอนจากนายห้างเทียม โชควัฒนา /^cเทียม โชควัฒนา
250    พิมพ์ครั้งที่ 1
260    กรุงเทพฯ :^bสุขภาพใจ,^c2550
300    176 หน้า ;^c19 ซม.
650  7 ความสำเร็จ
650  7 การดำเนินชีวิต
945    ^p100^l0^i023258
995    ทศพร
999 ^a ใช้งานได้ทุกระบบ
รายการนี้ยังไม่มีแท็ก
คุณยังไม่ได้ล็อกอิน คุณสามารถมีกิจกรรมร่วมกับเว็บไซต์ได้ แต่ต้องล็อกอินก่อน ::
  ล็อกอิน

รายการสื่อสารสนเทศ

ลำดับที่ ประเภท เลขเรียก/บาร์โค้ด สถานที่ สถานะ
- ไม่พบข้อมูล -

รายการใกล้เคียง
    หัวเรื่อง [ความสำเร็จ]
    หัวเรื่อง [การดำเนินชีวิต]

BibComment


ยังไม่เคยถูกคอมเมนท์

คอมเมนท์ทรัพยากรรายการนี้
  คอมเมนท์: คำสอนจากนายห้างเท..


 Copyright 2026. Bcnsprnw @Library